|
|
|
|
| LEADER |
00697nab a2200217 i 4500 |
| 001 |
publ33333 |
| 005 |
20250508081640.0 |
| 008 |
250508s1986 hu o 000 eng d |
| 022 |
|
|
|a 0133-3909
|
| 024 |
7 |
|
|a 1474234
|2 mtmt
|
| 040 |
|
|
|a SZTE Publicatio Repozitórium
|b hun
|
| 041 |
|
|
|a eng
|
| 100 |
1 |
|
|a Apro G.
|
| 245 |
1 |
0 |
|a Treatment of infertility due to luteal insufficiency with clomiphene citrate
|h [elektronikus dokumentum] /
|c Apro G.
|
| 260 |
|
|
|c 1986
|
| 300 |
|
|
|a 17-20
|
| 490 |
0 |
|
|a THERAPIA HUNGARICA
|v 34 No. 1
|
| 650 |
|
4 |
|a Klinikai orvostan
|
| 700 |
0 |
1 |
|a Daru József
|e aut
|
| 700 |
0 |
1 |
|a Sas M.
|e aut
|
| 856 |
4 |
0 |
|u http://publicatio.bibl.u-szeged.hu/33333/1/aok_klny_19_86.pdf
|z Dokumentum-elérés
|